[Event "Cto. Navarra por Equipos - Primera B"]
[Site "?"]
[Date "2017.10.28"]
[Round "3"]
[White "Zubicoa Aznar, Santiago"]
[Black "Moral Barragan, Diego"]
[Result "1-0"]
[WhiteElo "1592"]
[BlackElo "1644"]

1.e4 c5 2.Nf3 e6 3.g3 Nc6 4.Bg2 g6 5.d4 Bg7 6.d5 Ne5 7.Nxe5 Bxe5 8.O-O d6 9.c3
Ne7 10.Bh6 exd5 11.exd5 Qb6 12.Qd2 f5 13.Na3 Bf6 14.Rfe1 Qc7 15.Rad1 Kf7 16.b4
Bd7 17.Bg5 Rae8 18.Bxf6 Kxf6 19.c4 b6 20.b5 h6 21.Re2 g5 22.Rde1 Ng6 23.Nc2 Qc8
24.Bf3 Rxe2 25.Rxe2 Re8 26.Bh5 Rxe2 27.Qxe2 Qe8 28.Qxe8 Bxe8 29.Bxg6 Bxg6 30.f4
Bh5 31.Kf2 Be8 32.Ke3 Bd7 33.Ne1 g4 34.Ng2 Bc8 35.Kd2 Ke7 36.Nh4 Kf6 37.Kc3 a6
38.Ng2 axb5 39.cxb5 h5 40.Ne3 Ke7 41.Nc4 Bb7 42.Nxb6 Kd8 43.a4 Kc7 44.a5 Kd8
45.Kc4 Kc7 46.Na4 Kb8 47.Nc3 Bc8 48.Kb3 Kc7 49.Ka4 Bd7 50.Nd1 Be8 51.Ne3 Bg6
52.a6 Bf7 53.Ka5 Kb8 54.b6 Ka8 55.Nxf5 Bxd5 56.Nxd6 1-0

[Event "Cto. Navarra por Equipos - Primera B"]
[Site "?"]
[Date "2017.10.28"]
[Round "3"]
[White "Hernandez Zorzano, Fernando"]
[Black "Romano Garcia, Ivan"]
[Result "0-1"]
[WhiteElo "1518"]
[BlackElo "1418"]

1.d4 d5 2.Nf3 Nf6 3.e3 e6 4.Bd3 Bd6 5.Nbd2 O-O 6.e4 dxe4 7.Nxe4 Nxe4 8.Bxe4 Nd7
9.Bxh7 Kxh7 10.Ng5 Kg8 11.h4 f6 12.Nxe6 Qe7 13.d5 Nc5 14.Be3 Nxe6 15.dxe6 Bxe6
16.Qf3 c6 17.O-O Bd5 18.Qf5 Be4 19.Qh3 Bxc2 20.Rac1 Bd3 21.Rfe1 Qf7 22.Bf4 Bxf4
0-1

[Event "Cto. Navarra por Equipos - Primera B"]
[Site "?"]
[Date "2017.10.28"]
[Round "3"]
[White "Gilabert Pastor, Venancio"]
[Black "Esparza Martinez, Javier Ignacio"]
[Result "0-1"]
[WhiteElo "1186"]
[BlackElo "1981"]

1.e4 e6 2.d4 d5 3.e5 c5 4.Nf3 Nc6 5.Bb5 Bd7 6.Bxc6 bxc6 7.O-O cxd4 8.Qxd4 Ne7
9.Bg5 Qb6 10.Qxb6 axb6 11.b3 c5 12.c4 d4 13.Nbd2 Nc6 14.Ne4 h6 15.Bf4 Be7 16.h4
O-O 17.g4 Nb4 18.h5 Bc6 19.Nfd2 Nxa2 20.g5 Nc3 21.Rxa8 Rxa8 22.Re1 Nxe4 23.Nxe4
Bxe4 24.Rxe4 hxg5 25.Bg3 Ra1 26.Kg2 d3 0-1

[Event "Cto. Navarra por Equipos - Primera B"]
[Site "?"]
[Date "2017.10.28"]
[Round "3"]
[White "Apesteguia Domaica, Jose Antonio"]
[Black "Ayucar Nunez, Inigo"]
[Result "1/2-1/2"]
[WhiteElo "1850"]
[BlackElo "1068"]

1.d4 d5 2.c4 c6 3.Nc3 e6 4.Nf3 Nf6 5.Bg5 Be7 6.e3 Nbd7 7.Bd3 Qc7 8.Rc1 h6 9.Bh4
Bb4 10.O-O Bxc3 11.Rxc3 O-O 12.Qe2 Re8 13.Rfc1 Qa5 14.a3 a6 15.b4 Qb6 16.Bb1 g6
17.Bxf6 Nxf6 18.Ne5 Nd7 19.f4 Nxe5 20.fxe5 Qd8 21.Qf3 Kg7 22.Rf1 Rf8 23.e4 dxc4
24.Qf6 Qxf6 25.exf6 Kh7 26.Rxc4 Bd7 27.e5 b5 28.Rc3 a5 29.bxa5 Rxa5 30.Be4 Ra6
31.h4 h5 32.g4 hxg4 33.h5 Kh6 34.hxg6 fxg6 35.Kg2 Ra4 36.Bxc6 Rxd4 37.Bxd7 Rxd7
38.Rc6 Re8 39.Kg3 Kg5 40.f7 Rf8 41.Rxe6 Rdxf7 42.Rxf7 Rxf7 43.Rb6 Rf3 44.Kg2
Rxa3 45.Rxb5 Ra8 46.Kg3 Re8 1/2-1/2

[Event "Cto. Navarra por Equipos - Primera B"]
[Site "?"]
[Date "2017.10.28"]
[Round "3"]
[White "Legasa Martin, Aitor"]
[Black "Garcia Mina, Daniel"]
[Result "0-1"]
[WhiteElo "1014"]
[BlackElo "1735"]

1.e4 e6 2.f4 d5 3.e5 c5 4.d4 Nc6 5.Nf3 Qb6 6.c3 Bd7 7.Be2 Nge7 8.dxc5 Qxc5 9.b4
Qb6 10.a4 Ng6 11.a5 Qc7 12.b5 Nxa5 13.O-O Nc4 14.Bxc4 Qxc4 15.Nd4 Bxb5 16.Na3
Qxf1 17.Qxf1 Bxf1 18.Kxf1 Bxa3 19.Bxa3 a6 20.Rb1 b5 21.g3 Rc8 22.Rc1 Ne7 23.Bxe7
Kxe7 24.Ke2 b4 25.Kd3 Rxc3 26.Rxc3 bxc3 27.Kxc3 Rc8 28.Kb4 Rc4 29.Ka5 Rxd4 0-1

[Event "Cto. Navarra por Equipos - Primera A"]
[Site "?"]
[Date "2017.11.04"]
[Round "4"]
[White "Salvatierra Alzorriz, Haizea"]
[Black "Galvan Perez-Ilzarbe, Alejandro"]
[Result "1/2-1/2"]
[WhiteElo "1628"]
[BlackElo "1863"]

1.e4 c5 2.c3 g6 3.d4 cxd4 4.cxd4 d5 5.e5 Nc6 6.Nf3 Bg4 7.Bb5 Qb6 8.Nc3 e6 9.O-O
a6 10.Bxc6 bxc6 11.Na4 Qb5 12.Nc3 Qc4 13.Be3 Rb8 14.Rc1 Bxf3 15.Qxf3 Rxb2 16.Nd1
Rc2 17.Nb2 Qe2 18.Qxe2 Rxe2 19.Nd3 Kd7 20.Rb1 Rxa2 21.Rb7 Kc8 22.Rfb1 Ra1 23.Rb8
Kc7 24.R8b7 Kc8 25.Rb8 Kc7 1/2-1/2

[Event "Cto. Navarra por Equipos - Primera A"]
[Site "?"]
[Date "2017.11.04"]
[Round "4"]
[White "Labiano Hernandez, Juan"]
[Black "Abdula Boisteanu, Cristina"]
[Result "1-0"]
[WhiteElo "1711"]
[BlackElo "1301"]

1.e4 c5 2.f4 d6 3.Nc3 Nf6 4.Bc4 g6 5.Nf3 e6 6.O-O Bg7 7.Qe1 Nc6 8.d3 d5 9.exd5
Nb4 10.dxe6 Bxe6 11.Bxe6 Qe7 12.Bb3 Qxe1 13.Rxe1 Kf8 14.a3 Nc6 15.Be3 b6 16.Ne5
Nxe5 17.fxe5 Nd7 18.Bf4 Re8 19.e6 Bd4 20.Kh1 Nf6 21.Bh6 Kg8 22.exf7 1-0

[Event "Cto. Navarra por Equipos - Primera A"]
[Site "?"]
[Date "2017.11.04"]
[Round "4"]
[White "Vicente Merino, Daniel"]
[Black "Martin Fito, Angel Luis"]
[Result "0-1"]
[WhiteElo "1112"]
[BlackElo "1649"]

1.e4 d6 2.Nc3 Nf6 3.Bc4 g6 4.d3 Bg7 5.Nf3 c6 6.a3 Nbd7 7.Be3 O-O 8.O-O a5 9.h3
Ne8 10.Qd2 b5 11.Ba2 b4 12.axb4 axb4 13.Bxf7 Rxf7 14.Rxa8 bxc3 15.bxc3 Nc7
16.Raa1 Nb5 17.d4 Nf6 18.Qd3 Bd7 19.Ra4 Nxe4 20.Rfa1 Nexc3 21.Ra8 Bc8 22.Ng5 Rf6
23.Qc4 Nd5 24.Qxc6 Ndc7 25.Qc4 d5 26.Qc5 Nxa8 27.Rxa8 Nc7 28.Rb8 h6 29.Ne6 Rxe6
30.Bf4 Kh7 31.Bxc7 Qd7 32.Rb6 Rxb6 33.Bxb6 Ba6 34.Qa5 Qb5 35.Qxb5 Bxb5 36.f4 Kg8
37.Kf2 Kf7 38.Kf3 Ke6 39.Bc5 Bf6 40.Kg3 Kf5 41.h4 Ke4 42.c3 Ke3 43.Kh3 Kxf4
44.g3 Kf3 45.g4 Bd7 46.h5 Bxg4 47.Kh2 Bxh5 0-1

[Event "Cto. Navarra por Equipos - Primera A"]
[Site "?"]
[Date "2017.11.04"]
[Round "4"]
[White "Del Carmen Hernandez, Aimer"]
[Black "Tarragona Rebollo, Odei"]
[Result "1-0"]
[WhiteElo "1669"]
[BlackElo "1112"]

1.e4 e5 2.Nf3 Nc6 3.Bb5 Bd6 4.O-O Nge7 5.c3 a6 6.Ba4 O-O 7.d4 b5 8.Bb3 Ng6 9.a4
b4 10.Nbd2 Na5 11.Nc4 Nxc4 12.Bxc4 a5 13.dxe5 Bxe5 14.Nxe5 Nxe5 15.Bb3 Qh4
16.Qd5 Nc6 17.Bg5 Qh5 18.Bf4 Qxd5 19.exd5 Ba6 20.Rfe1 bxc3 21.dxc6 cxb2 22.Rab1
Rab8 23.Rxb2 d6 24.Reb1 Bd3 25.Bxf7 Kxf7 26.Rxb8 Bxb1 27.Rxb1 Ke6 28.Bd2 Rf5
29.Rb5 Rxb5 30.axb5 a4 31.Bb4 d5 32.Kf1 d4 33.Ke2 Kd5 34.Kd3 g5 35.h3 h5 36.g3
g4 37.h4 Ke5 38.b6 cxb6 39.c7 a3 40.Bxa3 b5 41.c8=Q b4 42.Bxb4 Kf6 43.Kxd4 Kg6
44.Ke5 Kh7 45.Qf5 Kg7 46.Bf8 Kh8 47.Qf6 Kg8 48.Qg7 1-0

[Event "Cto. Navarra por Equipos - Primera A"]
[Site "?"]
[Date "2017.11.04"]
[Round "4"]
[White "Goikoetxea Macua, Ander"]
[Black "Abrisqueta Zudaire, Leyre"]
[Result "0-1"]
[WhiteElo "1117"]
[BlackElo "1621"]

1.e4 c5 2.c3 d5 3.exd5 Qxd5 4.d4 Bf5 5.Nf3 Nf6 6.Bf4 Bxb1 7.Qxb1 cxd4 8.cxd4 e6
9.Bd2 Nc6 10.Bc3 Be7 11.Qd3 O-O 12.g3 b5 13.Bg2 Rad8 14.Rd1 Bb4 15.Bd2 Nxd4
16.Bc3 Nxf3 17.Bxf3 Qxf3 18.Qe2 Qxh1 19.Qf1 Rxd1 0-1

[Event "Cto. Navarra por Equipos - Primera A"]
[Site "?"]
[Date "2017.11.04"]
[Round "4"]
[White "Atipov Hadzhiev, Cristian"]
[Black "Oroz Carrasco, Adrian"]
[Result "1-0"]
[WhiteElo "1609"]
[BlackElo "1042"]

1.e4 c5 2.Nf3 Nc6 3.d4 d6 4.dxc5 dxc5 5.Qxd8 Nxd8 6.Bb5 Nc6 7.Ne5 Bd7 8.Nxd7
Kxd7 9.O-O e5 10.f4 a6 11.Bxc6 Kxc6 12.fxe5 f6 13.exf6 Nxf6 14.Nc3 Rc8 15.Re1
Bd6 16.Bg5 Be5 17.Bxf6 gxf6 18.Rab1 Rhg8 19.Nd5 f5 20.Rbd1 fxe4 21.Rxe4 Bd4
22.Rexd4 cxd4 23.Nf6 Kc5 24.Nxg8 Rxg8 25.Re1 Rg7 26.Kf2 Rf7 27.Ke2 Rg7 28.g3 Re7
29.Kd2 Rf7 30.Re2 Kd5 31.c3 b5 32.Kc2 dxc3 33.bxc3 a5 34.Kb3 h5 35.Rd2 Kc5
36.Rd4 a4 37.Ka3 Rf3 38.Rh4 b4 39.Kb2 a3 40.Kc2 Rf2 41.Kd3 Rf3 42.Ke2 bxc3
43.Rxh5 Kd4 44.Rh4 Kc5 45.Kxf3 c2 46.Rh8 Kd4 47.Rc8 Kd3 48.h4 Kd2 49.h5 c1=Q
50.Rxc1 Kxc1 51.h6 Kb2 52.h7 Kxa2 53.h8=Q Kb3 54.g4 a2 55.g5 Kc2 56.Qa1 Kb3
57.Qxa2 Kxa2 58.g6 1-0

[Event "Cto. Navarra por Equipos - Primera A"]
[Site "?"]
[Date "2017.11.04"]
[Round "4"]
[White "Torres Calvo, Mauricio"]
[Black "Sanchez Salazar, Kiko"]
[Result "1/2-1/2"]
[WhiteElo "1806"]
[BlackElo "1869"]

1.e4 d6 2.d4 g6 3.f4 Bg7 4.Nf3 Bg4 5.Be2 Nd7 6.e5 d5 7.h3 Bxf3 8.Bxf3 c6 9.O-O
e6 10.Be3 h5 11.g3 Nh6 12.Nd2 Nf5 13.Bf2 Bf8 14.c4 Ng7 15.h4 Be7 16.cxd5 exd5
17.Bg2 Nf8 18.Nf3 Nfe6 19.Qd2 Nf5 20.Ng5 Bxg5 21.fxg5 Qb6 22.Rad1 O-O 23.Bh3
Neg7 24.g4 hxg4 25.Bxg4 Qd8 26.Qd3 Ne7 27.Bg3 a5 28.Rd2 Qb6 29.Rh2 c5 30.Bf2 c4
31.Qf3 Qxb2 32.Be3 Qc3 33.Rc1 Qd3 34.Rd2 Qa3 35.Rdc2 Ngf5 36.Rc3 Qxa2 37.Qf2 Qa4
1/2-1/2

[Event "Cto. Navarra por Equipos - Primera A"]
[Site "?"]
[Date "2017.11.04"]
[Round "4"]
[White "Blanco de la Rosa, Diego"]
[Black "Sanjuan Ruperez, Jorge"]
[Result "1-0"]
[WhiteElo "1769"]
[BlackElo "1766"]

1.c4 Nf6 2.g3 c5 3.Bg2 g6 4.Nc3 Bg7 5.e3 e5 6.Nge2 Nc6 7.O-O O-O 8.d4 d6 9.d5
Ne7 10.e4 Ne8 11.f4 f5 12.fxe5 Bxe5 13.Bf4 Bxf4 14.Nxf4 Ng7 15.Qd2 fxe4 16.Nxe4
Nef5 17.Rae1 Nd4 18.b4 b6 19.Nxg6 hxg6 20.Qh6 Ndf5 21.Qxg6 Qe8 22.Nf6 1-0

[Event "Cto. Navarra por Equipos - Primera A"]
[Site "?"]
[Date "2017.11.04"]
[Round "4"]
[White "Anton Agramonte, Angel Luis"]
[Black "Egozcue Sghir, Aritz"]
[Result "1-0"]
[WhiteElo "1712"]
[BlackElo "1408"]

1.e4 d5 2.exd5 Qxd5 3.d4 Nf6 4.c4 Qd8 5.Nc3 Bf5 6.Nf3 h6 7.Bf4 e6 8.Qb3 b6 9.Nb5
Bd6 10.Nxd6 cxd6 11.Qb5 Ke7 12.O-O-O Qd7 13.c5 Ne4 14.Bxd6 Nxd6 15.cxd6 Qxd6
16.Bd3 Rc8 17.Kb1 a6 18.Qb3 Bxd3 19.Rxd3 Nd7 20.Re1 Rc7 21.Rc3 Rac8 22.Rec1 Qf4
23.Rxc7 Rxc7 24.Rxc7 Qxc7 25.Qa3 Qd6 26.Qxa6 Nc5 27.Qe2 Na4 28.Qc2 b5 29.b3 Qb4
30.Qd2 Nc3 31.Kb2 Na4 32.Kc2 Qxd2 33.Kxd2 Nb6 34.Ne1 Nd5 35.Nc2 Kd6 36.Ne3 f5
37.Nxd5 Kxd5 38.Kd3 b4 39.f4 g6 40.h4 h5 41.g3 Kc6 42.Kc4 Kd6 43.Kxb4 Kd5 44.a4
Ke4 45.a5 Kf3 46.a6 Kxg3 47.a7 Kxf4 48.a8=Q Ke3 49.Qg2 f4 50.Qxg6 f3 51.Qxe6
Kxd4 52.Qe1 1-0

[Event "Cto. Navarra por Equipos - Primera A"]
[Site "?"]
[Date "2017.11.04"]
[Round "4"]
[White "Adrian Abad, Miguel"]
[Black "Rodes Martinez, Francisco Javier"]
[Result "0-1"]
[WhiteElo "1407"]
[BlackElo "1667"]

1.d4 Nf6 2.c4 e6 3.Nf3 b6 4.Nc3 Bb7 5.a3 d5 6.Bg5 Nbd7 7.cxd5 exd5 8.e3 Be7
9.Bd3 O-O 10.Qc2 h6 11.Bh4 c5 12.b3 Re8 13.O-O Ne4 14.Bxe7 Qxe7 15.Rae1 Rac8
16.Bxe4 dxe4 17.Nd2 Ba6 18.Nc4 b5 19.Nd2 b4 20.Ncxe4 cxd4 21.Qb1 Bxf1 22.Kxf1
bxa3 23.exd4 Qb4 24.Nc4 Rxc4 25.bxc4 Qxb1 26.Rxb1 Rxe4 27.Rd1 a2 28.Ra1 Rxd4
29.Rxa2 Rxc4 30.Rxa7 Nf6 31.f3 Rd4 32.g4 Rd7 33.Ra3 g5 34.Kg2 Kg7 35.Kg3 Rd2
36.h4 Nd5 37.Ra5 f6 38.Ra7 Kf8 39.Ra8 Ke7 40.Ra7 Kd6 41.Rh7 Ke5 42.Rxh6 gxh4
43.Rxh4 Nf4 44.Rh1 Ne2 45.Kf2 Kf4 46.Rh6 Nd4 47.Kf1 Kg3 48.Ke1 Nxf3 49.Kf1 Rd6
50.Ke2 Ng5 51.Ke3 Re6 52.Kd4 Kxg4 53.Kd5 Ra6 54.Rh1 Nf3 55.Rf1 f5 56.Rb1 f4
57.Rb8 Ng5 58.Rb4 Kg3 59.Kd4 f3 60.Rb5 Rg6 61.Ke3 f2 62.Rf5 Nh3 63.Ke2 Kg2
64.Rf8 Re6 65.Kd2 f1=Q 0-1

[Event "Cto. Navarra por Equipos - Primera A"]
[Site "?"]
[Date "2017.11.04"]
[Round "4"]
[White "Marques Jalle, Jose Antonio"]
[Black "Arbeloa Sanchez, Julen"]
[Result "1-0"]
[WhiteElo "1554"]
[BlackElo "1323"]

1.d4 d5 2.c4 Nf6 3.cxd5 Qxd5 4.Nc3 Qd8 5.e4 e6 6.a3 h6 7.Nf3 Bd7 8.Bd3 Nc6 9.O-O
Be7 10.Re1 O-O 11.h3 a6 12.Bf4 Rc8 13.Rc1 Na7 14.Bb1 Nb5 15.Qd2 Bc6 16.Nxb5 Bxb5
17.Qc2 Ne8 18.e5 g6 19.Bxh6 Ng7 20.b4 Qd7 21.Red1 Ba4 22.Qe4 Bxd1 23.Rxd1 Qd5
24.Qg4 Qb3 25.Nd2 Qxa3 26.Ne4 Rfd8 27.Nf6 Bxf6 28.exf6 Nh5 29.Bxg6 Ng7 30.Bxf7
1-0

[Event "Cto. Navarra por Equipos - Primera A"]
[Site "?"]
[Date "2017.11.04"]
[Round "4"]
[White "Martinez Lizardi, Inigo"]
[Black "Sola Garate, Roberto"]
[Result "1/2-1/2"]
[WhiteElo "1149"]
[BlackElo "1468"]

1.e4 c6 2.d4 d5 3.e5 Bf5 4.Nf3 e6 5.Be2 Bb4 6.c3 Ba5 7.b4 Bb6 8.a4 a6 9.Nbd2 h6
10.Nb3 Nd7 11.a5 Ba7 12.Be3 Ne7 13.Bd3 O-O 14.Nh4 Bxd3 15.Qxd3 g5 16.Nf3 Nf5
17.h4 Nxe3 18.Qxe3 g4 19.Qxh6 Qe7 20.Ng5 f6 21.Qg6 Kh8 22.Qh6 Kg8 23.Qg6 Kh8
24.Qh6 Kg8 1/2-1/2

[Event "Cto. Navarra por Equipos - Primera B"]
[Site "?"]
[Date "2017.11.04"]
[Round "4"]
[White "Onila, Vladimir"]
[Black "Apesteguia Domaica, Jose Antonio"]
[Result "0-1"]
[WhiteElo "1352"]
[BlackElo "1860"]

1.e4 e5 2.Nf3 d6 3.Bc4 Be7 4.Nc3 Nf6 5.d3 O-O 6.h3 c6 7.a3 Qc7 8.Be3 Rd8 9.Ng5
d5 10.Bb3 h6 11.Nxf7 Kxf7 12.exd5 cxd5 13.O-O Be6 14.Bd2 a6 15.f4 exf4 16.Bxf4
Bd6 17.Nxd5 Bxd5 18.Bxd5 Kf8 19.Bxh6 Be5 20.Qh5 Rxd5 21.Rxf6 Bxf6 22.Bxg7 Kxg7
23.Qxd5 Nd7 24.Rb1 Qc5 0-1

[Event "Cto. Navarra por Equipos - Primera B"]
[Site "?"]
[Date "2017.11.04"]
[Round "4"]
[White "Rey Fuentes, Juan Maria"]
[Black "Miranda Urrizola, Ruben"]
[Result "1-0"]
[WhiteElo "1546"]
[BlackElo "1025"]

1.e4 e5 2.d4 d6 3.dxe5 dxe5 4.Qxd8 Kxd8 5.Nf3 f6 6.Be3 Bd6 7.Nc3 a6 8.Bc4 c6
9.Rd1 Kc7 10.O-O Nd7 11.Rd2 Ne7 12.Rfd1 Bc5 13.Bxc5 Nxc5 14.b4 Nd7 15.Be6 Rd8
16.a4 b6 17.Nb1 Ra7 18.Na3 h6 19.Nc4 g5 20.Nd6 b5 21.Nxc8 Kxc8 22.a5 Ng6 23.g3
Rc7 24.Ne1 Ngf8 25.Bf5 Kb8 26.Nd3 Kc8 27.Nc5 h5 28.Nxa6 Ra7 29.Nc5 Rc7 30.Bxd7
Nxd7 31.Ne6 1-0

[Event "Cto. Navarra por Equipos - Primera B"]
[Site "?"]
[Date "2017.11.04"]
[Round "4"]
[White "Goni Osacar, Maria"]
[Black "Gilabert Pastor, Venancio"]
[Result "1-0"]
[WhiteElo "1878"]
[BlackElo "1186"]

1.e4 e5 2.Nf3 Nc6 3.Bb5 Nf6 4.O-O Nxe4 5.d4 exd4 6.Re1 f5 7.Nxd4 Bc5 8.Rxe4 fxe4
9.Qh5 g6 10.Qxc5 Qf6 11.Nxc6 dxc6 12.Bc4 Qd6 13.Qa5 Qd1 14.Bf1 Qxc1 15.Qe5 Kf7
16.Qxh8 e3 17.Qxh7 Kf6 18.Qh4 Kf7 19.Qf4 Bf5 20.Qxe3 Qxb2 21.Qc3 Qxc3 22.Nxc3
Bxc2 23.Bc4 Kg7 24.Re1 Kh6 25.Re7 b5 26.Bb3 Bxb3 27.axb3 a5 28.Rxc7 a4 29.bxa4
bxa4 30.Rxc6 a3 31.Na2 Rb8 32.Rc1 Rb2 33.Ra1 Kg5 34.g3 Kg4 35.Kg2 g5 36.h3 Kf5
37.Nc3 Rb3 38.Ne2 Ke4 39.g4 Rd3 40.Ra2 Rb3 41.Nc1 Rc3 42.Ra1 Rc2 43.Na2 Kf4
44.Nb4 Rc3 45.Nd5 1-0

[Event "Cto. Navarra por Equipos - Primera B"]
[Site "?"]
[Date "2017.11.04"]
[Round "4"]
[White "Perez Esteban, Aitor"]
[Black "Alfonso Abrego, Santiago"]
[Result "0-1"]
[WhiteElo "1164"]
[BlackElo "1793"]

1.e4 e6 2.d4 d5 3.exd5 exd5 4.Bd3 Nf6 5.Nf3 Bg4 6.Be2 Bd6 7.O-O O-O 8.c3 c6
9.Qc2 Re8 10.Bg5 Nbd7 11.Nbd2 Rxe2 12.Qd1 Re7 13.h3 Bh5 14.Qc2 Qc7 15.g3 Rae8
16.Nh4 Re2 17.Nf5 Bg6 18.Bh6 gxh6 19.Nxh6 Kh8 20.Qc1 Bxg3 21.Nf3 Bf4 22.Qd1 Bxh6
23.Re1 Rxe1 24.Nxe1 Be4 25.Nf3 Qf4 26.Ne5 Nxe5 27.dxe5 Qg5 28.Kh2 Qg2 0-1

[Event "Cto. Navarra por Equipos - Primera B"]
[Site "?"]
[Date "2017.11.04"]
[Round "4"]
[White "Sempere Gomis, Andres Valentin"]
[Black "Ayucar Nunez, Aitor"]
[Result "1-0"]
[WhiteElo "1790"]
[BlackElo "1200"]

1.d4 d5 2.Nf3 e6 3.e3 c5 4.b3 Nc6 5.a3 Nf6 6.Bb2 Ne4 7.Bd3 Qb6 8.Nbd2 Nxd2
9.Nxd2 Bd6 10.dxc5 Bxc5 11.O-O Qc7 12.Bxg7 Rg8 13.Bf6 Bd7 14.Bxh7 Rh8 15.Bxh8
O-O-O 16.Bf6 Be7 17.Qf3 Bxf6 18.Qxf6 Ne5 19.h3 Ng6 20.Qxf7 Ne5 21.Qg7 Qd6 22.f4
Nc6 23.c4 dxc4 24.Nxc4 Qd5 25.Rfd1 Qb5 26.Nd6 1-0

[Event "Cto. Navarra por Equipos - Primera B"]
[Site "?"]
[Date "2017.11.04"]
[Round "4"]
[White "Ayucar Nunez, Inigo"]
[Black "Lasa Garcia, Javier"]
[Result "1-0"]
[WhiteElo "1071"]
[BlackElo "1715"]

1.e4 e6 2.d4 d5 3.exd5 exd5 4.Bd3 Bd6 5.Nf3 Nf6 6.O-O O-O 7.Bg5 Bg4 8.Nbd2 Nbd7
9.h3 Bh5 10.c3 c6 11.Qc2 Bg6 12.Rfe1 Qc7 13.c4 Rae8 14.c5 Bf4 15.Bxf4 Qxf4
16.Bxg6 fxg6 17.g3 Qc7 18.Ng5 Rxe1 19.Rxe1 Re8 20.Rxe8 Nxe8 21.Ne6 Qc8 22.Qd1
Ndf6 23.Qe2 Qd7 24.b4 Nc7 25.Nxc7 Qxc7 26.Qe6 Kf8 27.a4 Qe7 28.Qxe7 Kxe7 29.f3
Ke6 30.Kf2 g5 31.Nb3 Kd7 32.b5 h5 33.g4 g6 34.b6 a6 35.Nc1 Ke6 36.Nd3 Nd7 37.a5
Kf6 38.Ke3 h4 39.f4 gxf4 40.Nxf4 g5 41.Nd3 Ke6 42.Nf2 Nf6 43.Nd3 Nd7 44.Ne1 Kf6
45.Nf3 Kg6 46.Ne1 Kf6 47.Nc2 Ke6 48.Kf3 Nf6 49.Ne3 Ne4 50.Nf5 Nd2 51.Ke3 Nc4
52.Kd3 Nxa5 53.Nd6 Kd7 54.Kc3 Nc4 55.Nxb7 Kc8 56.Nd6 Nxd6 57.cxd6 a5 58.Kb3 c5
59.dxc5 d4 60.c6 d3 1-0

[Event "Cto. Navarra por Equipos - Primera B"]
[Site "?"]
[Date "2017.11.04"]
[Round "4"]
[White "Hernandez Zorzano, Fernando"]
[Black "Legasa Martin, Aitor"]
[Result "1/2-1/2"]
[WhiteElo "1524"]
[BlackElo "1024"]

1.d4 d5 2.c4 c6 3.Nf3 Nf6 4.Bg5 Nbd7 5.Nc3 e6 6.e4 Qb6 7.Qc2 Qa5 8.Bd2 Qd8 9.Bd3
Be7 10.h3 Nf8 11.Bg5 N8d7 12.g4 h6 13.Bh4 g5 14.Bg3 Nf8 15.e5 dxc4 16.Bxc4 Nd5
17.Nxd5 cxd5 18.Bb5 Bd7 19.Qa4 a6 20.Bxd7 Nxd7 21.O-O b5 22.Qb3 f6 23.Qd3 Nf8
24.exf6 Bxf6 25.Be5 Bxe5 26.Nxe5 h5 27.Rfe1 hxg4 28.Ng6 Rg8 29.Nxf8 Rxf8 30.Qg6
Rf7 31.Rxe6 Kf8 32.Qh6 Rg7 33.hxg4 Qd7 34.Rae1 Kg8 35.f3 Rc8 36.Rd6 Qc7 37.Qe6
Rf7 38.Qxd5 Kg7 39.Qxg5 Kf8 40.Rh6 Qg3 41.Kf1 Qxf3 42.Kg1 1/2-1/2

[Event "Cto. Navarra por Equipos - Primera B"]
[Site "?"]
[Date "2017.11.04"]
[Round "4"]
[White "Hernandorena De La Cruz, Egoi"]
[Black "Carcavilla Ledesma, Jose Angel"]
[Result "1/2-1/2"]
[WhiteElo "2043"]
[BlackElo "1835"]

1.e4 e5 2.Nc3 Nf6 3.Bc4 Nxe4 4.Qh5 Nd6 5.Bb3 Be7 6.Qxe5 O-O 7.Nge2 Bf6 8.Qf4 Bg5
9.Qf3 Nc6 10.O-O Na5 11.Ba4 Nac4 12.d3 Bxc1 13.Rfxc1 Ne5 14.Qg3 Ng6 15.Nd5 b5
16.Bb3 Bb7 17.Nd4 Rc8 18.Re1 Bxd5 19.Bxd5 Qf6 20.c3 c6 21.Bb3 c5 22.Nf3 Nf5
23.Qg4 Rfe8 24.Qg5 Qxg5 25.Nxg5 Nd6 26.g3 h6 27.Nf3 a5 28.Rad1 Nf5 29.Bc2 Rxe1
30.Rxe1 Kf8 31.Kg2 d6 32.Nd2 Nfe7 33.f4 h5 34.Kf3 1/2-1/2

[Event "Cto. Navarra por Equipos - Primera B"]
[Site "?"]
[Date "2017.11.04"]
[Round "4"]
[White "Ozaita Martinez, Tomas"]
[Black "Ochoa Aldaz, Mikel"]
[Result "1/2-1/2"]
[WhiteElo "1821"]
[BlackElo "1739"]

1.d4 d5 2.c4 e6 3.Nc3 Be7 4.cxd5 exd5 5.Qc2 c6 6.Nf3 Bd6 7.Bg5 Ne7 8.e3 f6 9.Bh4
Bf5 10.Bd3 Bxd3 11.Qxd3 Nd7 12.Bg3 Bxg3 13.hxg3 Nf8 14.b4 a6 15.a4 Qd7 16.Nh4 g5
17.Nf3 Qf5 18.Ke2 Qxd3 19.Kxd3 Nd7 20.e4 Kf7 21.b5 axb5 22.axb5 Kg6 23.Rhb1 dxe4
24.Kxe4 f5 25.Kd3 Nd5 26.bxc6 bxc6 27.Rxa8 Rxa8 28.Nxd5 cxd5 29.Rb7 Ra3 30.Ke2
Ra2 31.Ke3 Ra3 32.Ke2 Ra2 33.Ke3 1/2-1/2

[Event "Cto. Navarra por Equipos - Primera B"]
[Site "?"]
[Date "2017.11.04"]
[Round "4"]
[White "Sancinena Arpide, Juan"]
[Black "Roldan Marques, Marta"]
[Result "0-1"]
[WhiteElo "1694"]
[BlackElo "1742"]

1.e4 e5 2.Nf3 Nc6 3.Bb5 a6 4.Ba4 Nf6 5.O-O Nxe4 6.d4 b5 7.Bb3 d5 8.dxe5 Be6 9.a4
b4 10.a5 Nc5 11.Bg5 Qd7 12.Nbd2 Bg4 13.h3 Nxb3 14.Nxb3 Be6 15.Be3 Nd8 16.Nc5
Bxc5 17.Bxc5 Qb5 18.Qd4 Nb7 19.Bxb4 c5 20.Bxc5 Qxc5 21.Qh4 O-O 22.b4 Qxc2
23.Rac1 Qe4 24.Qe7 Nd8 25.Rfe1 Qd3 26.Re3 Qb5 27.Nd4 Qe8 28.Qg5 h6 29.Qh5 f5
30.Qh4 Nf7 31.f4 Rc8 32.Rec3 Rc4 33.Rxc4 dxc4 34.Qh5 Qd7 35.Nxe6 Qxe6 36.Qf3 Rc8
37.Qb7 Nd8 38.Qa7 Qc6 39.Qe7 Ne6 40.g3 Nd4 41.Kf2 Qf3 0-1

[Event "Cto. Navarra por Equipos - Primera B"]
[Site "?"]
[Date "2017.11.04"]
[Round "4"]
[White "Lajas Obregon, Juan Carlos"]
[Black "Ruiz Anton, Adolfo"]
[Result "1/2-1/2"]
[WhiteElo "1684"]
[BlackElo "1590"]

1.d4 e6 2.Nf3 d5 3.e3 Nf6 4.Bd3 b6 5.O-O Ba6 6.Nc3 Bxd3 7.Qxd3 c5 8.Re1 Nbd7
9.e4 cxd4 10.Qxd4 Bc5 11.Qa4 dxe4 12.Nxe4 Nxe4 13.Qxe4 O-O 14.Bg5 Nf6 15.Qe2 Be7
16.Rad1 Qc7 17.Rd3 Rac8 18.c3 Qc4 19.a3 h6 20.Bh4 Rc5 21.Nd4 Rd8 22.Red1 Rcd5
23.b3 Qa6 24.Nxe6 Rxd3 25.Nxd8 Rxd1 26.Qxd1 Qxa3 27.Nc6 Bf8 28.Bxf6 gxf6 29.g3
Bg7 30.c4 a5 31.Qd8 Bf8 32.Qxb6 a4 33.bxa4 Qxa4 34.Qb5 Qd1 35.Kg2 Qg4 36.Qd5 h5
37.Nd8 Qg6 38.h4 f5 39.c5 f4 40.Qf3 fxg3 41.Qxg3 Bxc5 1/2-1/2

[Event "Cto. Navarra por Equipos - Primera B"]
[Site "?"]
[Date "2017.11.04"]
[Round "4"]
[White "Rebole Arbea, Pedro Maria"]
[Black "Romano Garcia, Ivan"]
[Result "0-1"]
[WhiteElo "1627"]
[BlackElo "1461"]

1.e4 c6 2.d4 d5 3.exd5 cxd5 4.h3 Bf5 5.Bb5 Nd7 6.Bxd7 Qxd7 7.Nf3 e6 8.O-O Bd6
9.c3 Nf6 10.Ne5 Qc7 11.Qa4 Nd7 12.Nxd7 Qxd7 13.Qxd7 Kxd7 14.Nd2 Rac8 15.f4 h5
16.Nf3 f6 17.Bd2 h4 18.Rae1 Rcg8 19.Rf2 g5 20.Kh1 g4 21.hxg4 h3 22.g3 Rxg4
23.Kh2 Rhg8 24.Rg1 b6 25.a3 R4g7 26.Nh4 Bg4 27.Nf3 Kc6 28.a4 Kb7 29.b4 a5 30.Be1
Bf5 31.bxa5 bxa5 32.Rb2 Ka6 33.Nh4 Bxf4 34.Nxf5 exf5 35.Re2 Kb7 36.Re6 Rg6
37.Re7 Kc6 38.Re6 Kd7 39.Ra6 Bc7 40.Ra7 Kc6 41.c4 dxc4 42.Ra6 Kb7 43.Re6 f4
44.Re7 Kc8 45.Rh7 fxg3 46.Kxh3 g2 47.d5 Bb6 0-1

[Event "Cto. Navarra por Equipos - Primera B"]
[Site "?"]
[Date "2017.11.04"]
[Round "4"]
[White "Oliva Burgos, Ignacio"]
[Black "Garraza Obaldia, Esteban"]
[Result "1/2-1/2"]
[WhiteElo "1445"]
[BlackElo "1538"]

1.d4 Nf6 2.c4 g6 3.Nc3 Bg7 4.Nf3 d6 5.Bg5 Nbd7 6.e3 b6 7.Be2 Bb7 8.b4 a5 9.a3
O-O 10.O-O Re8 11.Nd2 e5 12.Bf3 Qc8 13.Bxb7 Qxb7 14.Qf3 e4 15.Qf4 Nh5 16.Qg4 f5
17.Qe2 Kh8 18.Nb5 Bf8 19.Nb3 c6 20.Nc3 a4 21.Nd2 Ng7 22.Qd1 Qa7 23.b5 c5 24.dxc5
Nxc5 25.Nd5 Nge6 26.Bf6 Bg7 27.Bxg7 Kxg7 28.g4 Rf8 29.Kh1 Nd3 30.f3 Ndc5 31.gxf5
Rxf5 32.Nxe4 Nxe4 33.fxe4 Rxf1 34.Qxf1 Rf8 35.Qg2 Nc7 36.Rf1 Rxf1 37.Qxf1 Nxd5
38.exd5 Qe7 39.Qf4 Kg8 40.Kg2 g5 41.Qd4 Qd8 42.e4 Qe8 43.Qe3 h6 44.Qf3 1/2-1/2